Tous les Pokémon (#0001 à #1025) - Français - Statistiques

Statistiques générales
  • Ce quiz a été pris 1 196 fois
    1 099 depuis la dernière actualisation
  • Le résultat moyen est 365 sur 1025
Statistiques - réponses
No. Type de quiz Pokémon % Correct
#0001 Plante Poison Bulbizarre
92%
#0006 Feu Vol Dracaufeu
92%
#0004 Feu Salamèche
92%
#0007 Eau Carapuce
91%
#0005 Feu Reptincel
91%
#0003 Plante Poison Florizarre
90%
#0002 Plante Poison Herbizarre
90%
#0009 Eau Tortank
90%
#0008 Eau Carabaffe
88%
#0025 Électrik Pikachu
87%
#0010 Insecte Chenipan
84%
#0012 Insecte Vol Papilusion
84%
#0026 Électrik Raichu
84%
#0151 Psy Mew
82%
#0018 Normal Vol Roucarnage
82%
#0017 Normal Vol Roucoups
82%
#0173 Fée Mélo
81%
#0016 Normal Vol Roucool
81%
#0148 Dragon Draco
80%
#0150 Psy Mewtwo
80%
#0013 Insecte Poison Aspicot
79%
#0011 Insecte Chrysacier
79%
#0149 Dragon Vol Dracolosse
78%
#0094 Spectre Poison Ectoplasma
77%
#0133 Normal Évoli
77%
#0035 Fée Mélofée
77%
#0146 Feu Vol Sulfura
77%
#0014 Insecte Poison Coconfort
76%
#0015 Insecte Poison Dardargnan
76%
#0036 Fée Mélodelfe
76%
#0147 Dragon Minidraco
76%
#0134 Eau Aquali
75%
#0092 Spectre Poison Fantominus
75%
#0144 Glace Vol Artikodin
74%
#0136 Feu Pyroli
74%
#0039 Normal Fée Rondoudou
74%
#0093 Spectre Poison Spectrum
74%
#0135 Électrik Voltali
74%
#0129 Eau Magicarpe
73%
#0034 Poison Sol Nidoking
73%
#0031 Poison Sol Nidoqueen
73%
#0029 | #0032 Poison Nidoran
73%
#0030 Poison Nidorina
73%
#0033 Poison Nidorino
73%
#0074 Roche Sol Racaillou
73%
#0130 Eau Vol Léviator
72%
#0021 Normal Vol Piafabec
72%
#0022 Normal Vol Rapasdepic
72%
#0019 Normal Rattata
72%
#0145 Électrik Vol Électhor
71%
#0066 Combat Machoc
71%
#0067 Combat Machopeur
71%
#0172 Électrik Pichu
71%
#0020 Normal Rattatac
71%
#0023 Poison Abo
70%
#0040 Normal Fée Grodoudou
70%
#0063 Psy Abra
69%
#0065 Psy Alakazam
69%
#0024 Poison Arbok
69%
#0059 Feu Arcanin
69%
#0058 Feu Caninos
69%
#0076 Roche Sol Grolem
69%
#0068 Combat Mackogneur
69%
#0041 Poison Vol Nosferapti
69%
#0038 Feu Feunard
68%
#0037 Feu Goupix
68%
#0075 Roche Sol Gravalanch
68%
#0081 Électrik Acier Magnéti
68%
#0197 Ténèbres Noctali
68%
#0042 Poison Vol Nosferalto
68%
#0123 Insecte Vol Insécateur
67%
#0064 Psy Kadabra
67%
#0126 Feu Magmar
67%
#0082 Électrik Acier Magnéton
67%
#0052 Normal Miaouss
67%
#0043 Plante Poison Mystherbe
67%
#0044 Plante Poison Ortide
67%
#0143 Normal Ronflex
67%
#0053 Normal Persian
66%
#0142 Roche Vol Ptéra
66%
#0027 Sol Sabelette
66%
#0125 Électrik Élektek
65%
#0155 Feu Héricendre
65%
#0140 Roche Eau Kabuto
65%
#0095 Roche Sol Onix
65%
#0045 Plante Poison Rafflesia
65%
#0120 Eau Stari
65%
#0121 Eau Psy Staross
65%
#0050 Sol Taupiqueur
65%
#0152 Plante Germignon
64%
#0141 Roche Eau Kabutops
64%
#0158 Eau Kaiminus
64%
#0028 Sol Sablaireau
64%
#0070 Plante Poison Boustiflor
63%
#0069 Plante Poison Chétiflor
63%
#0101 Électrik Électrode
63%
#0078 Feu Galopa
63%
#0471 Glace Givrali
63%
#0196 Psy Mentali
63%
#0086 Eau Otaria
63%
#0077 Feu Ponyta
63%
#0109 Poison Smogo
63%
#0100 Électrik Voltorbe
63%
#0139 Roche Eau Amonistar
62%
#0071 Plante Poison Empiflor
62%
#0089 Poison Grotadmorv
62%
#0060 Eau Ptitard
62%
#0110 Poison Smogogo
62%
#0088 Poison Tadmorv
62%
#0062 Eau Combat Tartard
62%
#0107 Combat Tygnon
62%
#0157 Feu Typhlosion
62%
#0160 Eau Aligatueur
61%
#0138 Roche Eau Amonita
61%
#0106 Combat Kicklee
61%
#0249 Psy Vol Lugia
61%
#0700 Fée Nymphali
61%
#0051 Sol Triopikeur
61%
#0087 Eau Glace Lamantine
60%
#0484 Eau Dragon Palkia
60%
#0470 Plante Phyllali
60%
#0118 Eau Poissirène
60%
#0255 Feu Poussifeu
60%
#0072 Eau Poison Tentacool
60%
#0073 Eau Poison Tentacruel
60%
#0061 Eau Têtarte
60%
#0393 Eau Tiplouf
60%
#0483 Acier Dragon Dialga
59%
#0383 Sol Groudon
59%
#0382 Eau Kyogre
59%
#0154 Plante Méganium
59%
#0156 Feu Feurisson
58%
#0250 Feu Vol Ho-Oh
58%
#0124 Glace Psy Lippoutou
58%
#0131 Eau Glace Lokhlass
58%
#0048 Insecte Poison Mimitoss
58%
#0122 Psy Fée M. Mime
58%
#0245 Eau Suicune
58%
#0128 Normal Tauros
58%
#0049 Insecte Poison Aéromite
57%
#0056 Combat Férosinge
57%
#0103 Plante Psy Noadkoko
57%
#0119 Eau Poissoroy
57%
#0384 Dragon Vol Rayquaza
57%
#0387 Plante Tortipouss
57%
#0252 Plante Arcko
56%
#0257 Feu Combat Braségali
56%
#0083 Normal Vol Canarticho
56%
#0057 Combat Colossinge
56%
#0244 Feu Entei
56%
#0282 Psy Fée Gardevoir
56%
#0448 Combat Acier Lucario
56%
#0169 Poison Vol Nostenfer
56%
#0054 Eau Psykokwak
56%
#0079 Eau Psy Ramoloss
56%
#0111 Sol Roche Rhinocorne
56%
#0055 Eau Akwakwak
55%
#0239 Électrik Élekid
55%
#0487 Spectre Dragon Giratina
55%
#0240 Feu Magby
55%
#0462 Électrik Acier Magnézone
55%
#0102 Plante Psy Noeunoeuf
55%
#0390 Feu Ouisticram
55%
#0395 Eau Acier Pingoléon
55%
#0208 Acier Sol Steelix
55%
#0493 Normal Arceus
54%
#0251 Psy Plante Celebi
54%
#0466 Électrik Élekable
54%
#0113 Normal Leveinard
54%
#0046 Insecte Plante Paras
54%
#0243 Électrik Raikou
54%
#0112 Sol Roche Rhinoféros
54%
#0392 Feu Combat Simiabraz
54%
#0280 Psy Fée Tarsal
54%
#0389 Plante Sol Torterra
54%
#0212 Insecte Acier Cizayox
53%
#0080 Eau Psy Flagadoss
53%
#0097 Psy Hypnomade
53%
#0153 Plante Macronium
53%
#0047 Insecte Plante Parasect
53%
#0447 Combat Riolu
53%
#0159 Eau Crocrodil
52%
#0256 Feu Combat Galifeu
52%
#0117 Eau Hypocéan
52%
#0281 Psy Fée Kirlia
52%
#0467 Feu Maganon
52%
#0378 Glace Regice
52%
#0377 Roche Regirock
52%
#0379 Acier Registeel
52%
#0174 Normal Fée Toudoudou
52%
#0644 Dragon Électrik Zekrom
52%
#0658 Eau Ténèbres Amphinobi
51%
#0391 Feu Combat Chimpenfeu
51%
#0084 Normal Vol Doduo
51%
#0258 Eau Gobou
51%
#0116 Eau Hypotrempe
51%
#0254 Plante Jungko
51%
#0137 Normal Porygon
51%
#0394 Eau Prinplouf
51%
#0486 Normal Regigigas
51%
#0643 Dragon Feu Reshiram
51%
#0091 Eau Glace Crustabri
50%
#0491 Ténèbres Darkrai
50%
#0085 Normal Vol Dodrio
50%
#0396 Normal Vol Étourmi
50%
#0115 Normal Kangourex
50%
#0253 Plante Massko
50%
#0096 Psy Soporifik
50%
#0482 Psy Créfadet
49%
#0398 Normal Vol Étouraptor
49%
#0397 Normal Vol Étourvol
49%
#0475 Psy Combat Gallame
49%
#0656 Eau Grenousse
49%
#0090 Eau Kokiyas
49%
#0260 Eau Sol Laggron
49%
#0127 Insecte Scarabrute
49%
#0494 Psy Feu Victini
49%
#0236 Combat Debugant
48%
#0215 Ténèbres Glace Farfuret
48%
#0259 Eau Sol Flobio
48%
#0163 Normal Vol Hoothoot
48%
#0230 Eau Dragon Hyporoi
48%
#0132 Normal Métamorph
48%
#0501 Eau Moustillon
48%
#0105 Sol Ossatueur
48%
#0104 Sol Osselait
48%
#0791 Psy Acier Solgaleo
48%
#0248 Roche Ténèbres Tyranocif
48%
#0717 Ténèbres Vol Yveltal
48%
#0388 Plante Boskara
47%
#0445 Dragon Sol Carchacrok
47%
#0481 Psy Créfollet
47%
#0480 Psy Créhelf
47%
#0446 Normal Goinfrex
47%
#0498 Feu Gruikui
47%
#0182 Plante Joliflor
47%
#0646 Dragon Glace Kyurem
47%
#0380 Dragon Psy Latias
47%
#0381 Dragon Psy Latios
47%
#0792 Psy Spectre Lunala
47%
#0362 Glace Oniglali
47%
#0199 Eau Psy Roigada
47%
#0175 Fée Togepi
47%
#0495 Plante Vipélierre
47%
#0716 Fée Xerneas
47%
#0227 Acier Vol Airmure
46%
#0265 Insecte Chenipotte
46%
#0229 Ténèbres Feu Démolosse
46%
#0386 Psy Deoxys
46%
#0180 Électrik Lainergie
46%
#0171 Eau Électrik Lanturn
46%
#0170 Eau Électrik Loupio
46%
#0497 Plante Majaspic
46%
#0228 Ténèbres Feu Malosse
46%
#0164 Normal Vol Noarfang
46%
#0181 Électrik Pharamp
46%
#0500 Feu Combat Roitiflam
46%
#0503 Eau Clamiral
45%
#0488 Psy Cresselia
45%
#0461 Ténèbres Glace Dimoret
45%
#0373 Dragon Vol Drattak
45%
#0499 Feu Combat Grotichon
45%
#0385 Acier Psy Jirachi
45%
#0237 Combat Kapoera
45%
#0238 Glace Psy Lippouti
45%
#0405 Électrik Luxray
45%
#0312 Électrik Négapi
45%
#0464 Sol Roche Rhinastoc
45%
#0492 Plante Shaymin
45%
#0361 Glace Stalgamin
45%
#0247 Roche Sol Ymphect
45%
#0718 Dragon Sol Zygarde
45%
#0722 Plante Vol Brindibou
44%
#0444 Dragon Sol Carmache
44%
#0246 Roche Sol Embrylex
44%
#0727 Feu Ténèbres Félinferno
44%
#0725 Feu Flamiaou
44%
#0443 Dragon Sol Griknot
44%
#0242 Normal Leuphorie
44%
#0496 Plante Lianaja
44%
#0403 Électrik Lixy
44%
#0404 Électrik Luxio
44%
#0490 Eau Manaphy
44%
#0376 Acier Psy Métalosse
44%
#0439 Psy Fée Mime Jr.
44%
#0167 Insecte Poison Mimigal
44%
#0269 Insecte Poison Papinox
44%
#0489 Eau Phione
44%
#0311 Électrik Posipi
44%
#0176 Fée Vol Togetic
44%
#0266 Insecte Armulys
43%
#0194 Eau Sol Axoloto
43%
#0184 Eau Fée Azumarill
43%
#0279 Eau Vol Bekipan
43%
#0198 Ténèbres Vol Cornèbre
43%
#0200 Spectre Feuforêve
43%
#0162 Normal Fouinar
43%
#0485 Feu Acier Heatran
43%
#0183 Eau Fée Marill
43%
#0168 Insecte Poison Migalos
43%
#0478 Glace Spectre Momartik
43%
#0233 Normal Porygon2
43%
#0114 Plante Saquedeneu
43%
#0468 Fée Vol Togekiss
43%
#0268 Insecte Blindalys
42%
#0430 Ténèbres Vol Corboss
42%
#0189 Plante Vol Cotovol
42%
#0371 Dragon Draby
42%
#0653 Feu Feunnec
42%
#0161 Normal Fouinette
42%
#0278 Eau Vol Goélise
42%
#0098 Eau Krabby
42%
#0272 Eau Plante Ludicolo
42%
#0195 Eau Sol Maraiste
42%
#0474 Normal Porygon-Z
42%
#0440 Normal Ptiravi
42%
#0179 Électrik Wattouat
42%
#0267 Insecte Vol Charmillon
41%
#0657 Eau Croâporal
41%
#0645 Sol Vol Démétéros
41%
#0108 Normal Excelangue
41%
#0277 Normal Vol Hélédelle
41%
#0099 Eau Krabboss
41%
#0330 Sol Dragon Libégon
41%
#0473 Glace Sol Mammochon
41%
#0650 Plante Marisson
41%
#0479 Électrik Spectre Motisma
41%
#0177 Psy Vol Natu
41%
#0270 Eau Plante Nénupiot
41%
#0319 Eau Ténèbres Sharpedo
41%
#0186 Eau Tarpaud
41%
#0374 Acier Psy Terhal
41%
#0217 Normal Ursaring
41%
#0640 Plante Combat Viridium
41%
#0263 Normal Zigzaton
41%
#0724 Plante Spectre Archéduc
40%
#0309 Électrik Dynavolt
40%
#0310 Électrik Élecsprint
40%
#0187 Plante Vol Granivol
40%
#0399 Normal Keunotor
40%
#0429 Spectre Magirêve
40%
#0220 Glace Sol Marcacrin
40%
#0502 Eau Mateloutre
40%
#0726 Feu Matoufeu
40%
#0375 Acier Psy Métang
40%
#0276 Normal Vol Nirondelle
40%
#0363 Glace Eau Obalie
40%
#0506 Normal Ponchiot
40%
#0214 Insecte Combat Scarhino
40%
#0302 Ténèbres Spectre Ténéfix
40%
#0178 Psy Vol Xatu
40%
#0201 Psy Zarbi
40%
#0298 Normal Fée Azurill
39%
#0349 Eau Barpau
39%
#0460 Plante Glace Blizzaroi
39%
#0400 Normal Eau Castorno
39%
#0412 Insecte Cheniti
39%
#0221 Glace Sol Cochignon
39%
#0165 Insecte Vol Coxy
39%
#0553 Sol Ténèbres Crocorible
39%
#0410 Roche Acier Dinoclier
39%
#0241 Normal Écrémeuh
39%
#0642 Électrik Vol Fulguris
39%
#0203 Normal Psy Girafarig
39%
#0262 Ténèbres Grahyèna
39%
#0365 Glace Eau Kaimorse
39%
#0647 Eau Combat Keldeo
39%
#0218 Feu Limagma
39%
#0264 Normal Linéon
39%
#0271 Eau Plante Lombre
39%
#0261 Ténèbres Medhyèna
39%
#0477 Spectre Noctunoir
39%
#0730 Eau Fée Oratoria
39%
#0407 Plante Poison Roserade
39%
#0207 Sol Vol Scorplane
39%
#0472 Sol Vol Scorvol
39%
#0275 Plante Ténèbres Tengalice
39%
#0639 Roche Combat Terrakium
39%
#0411 Roche Acier Bastiodon
38%
#0459 Plante Glace Blizzi
38%
#0323 Feu Sol Camérupt
38%
#0413 Insecte Varié Cheniselle
38%
#0638 Acier Combat Cobaltium
38%
#0166 Insecte Vol Coxyclaque
38%
#0511 Plante Feuillajou
38%
#0513 Feu Flamajou
38%
#0188 Plante Vol Floravol
38%
#0655 Feu Psy Goupelin
38%
#0273 Plante Grainipiot
38%
#0350 Eau Milobellus
38%
#0292 Insecte Spectre Munja
38%
#0728 Eau Otaquin
38%
#0364 Glace Eau Phogleur
38%
#0274 Plante Ténèbres Pifeuil
38%
#0519 Normal Vol Poichigeon
38%
#0507 Normal Ponchien
38%
#0315 Plante Poison Rosélia
38%
#0185 Roche Simularbre
38%
#0216 Normal Teddiursa
38%
#0570 Ténèbres Zorua
38%
#0359 Ténèbres Absol
37%
#0334 Dragon Vol Altaria
37%
#0652 Plante Combat Blindépique
37%
#0354 Spectre Branette
37%
#0225 Glace Vol Cadoizo
37%
#0308 Combat Psy Charmina
37%
#0719 Roche Fée Diancie
37%
#0515 Eau Flotajou
37%
#0304 Acier Roche Galekid
37%
#0328 Sol Kraknoix
37%
#0291 Insecte Vol Ninjask
37%
#0417 Électrik Pachirisu
37%
#0211 Eau Poison Qwilfish
37%
#0442 Spectre Ténèbres Spiritomb
37%
#0219 Feu Roche Volcaropod
37%
#0193 Insecte Vol Yanma
37%
#0283 Insecte Eau Arakdo
36%
#0437 Acier Psy Archéodong
36%
#0343 Sol Psy Balbuto
36%
#0285 Plante Balignon
36%
#0641 Vol Boréas
36%
#0465 Plante Bouldeneu
36%
#0286 Plante Combat Chapignon
36%
#0454 Poison Combat Coatox
36%
#0453 Poison Combat Cradopaud
36%
#0521 Normal Vol Déflaisan
36%
#0587 Électrik Vol Emolga
36%
#0663 Feu Vol Flambusard
36%
#0305 Acier Roche Galegon
36%
#0306 Acier Roche Galeking
36%
#0345 Roche Plante Lilia
36%
#0508 Normal Mastouffe
36%
#0303 Acier Fée Mysdibule
36%
#0729 Eau Otarlette
36%
#0406 Plante Poison Rozbouton
36%
#0336 Poison Séviper
36%
#0355 Spectre Skelénox
36%
#0721 Feu Eau Volcanion
36%
#0571 Ténèbres Zoroark
36%
#0436 Acier Psy Archéomire
35%
#0348 Roche Insecte Armaldo
35%
#0425 Spectre Vol Baudrive
35%
#0318 Eau Ténèbres Carvanha
35%
#0509 Ténèbres Chacripan
35%
#0702 Électrik Fée Dedenne
35%
#0226 Eau Vol Démanta
35%
#0232 Sol Donphan
35%
#0723 Plante Vol Efflèche
35%
#0552 Sol Ténèbres Escroco
35%
#0514 Feu Flamoutan
35%
#0516 Eau Flotoutan
35%
#0649 Insecte Acier Genesect
35%
#0426 Spectre Vol Grodrive
35%
#0206 Normal Insolourdo
35%
#0344 Sol Psy Kaorine
35%
#0551 Sol Ténèbres Mascaïman
35%
#0648 Normal Psy Meloetta
35%
#0637 Insecte Feu Pyrax
35%
#0337 Roche Psy Séléroc
35%
#0338 Roche Psy Solaroc
35%
#0635 Ténèbres Dragon Trioxhydre
35%
#0346 Roche Plante Vacilys
35%
#0321 Eau Wailord
35%
#0469 Insecte Vol Yanmega
35%
#0347 Roche Insecte Anorith
34%
#0651 Plante Boguérisse
34%
#0234 Normal Cerfrousse
34%
#0431 Normal Chaglam
34%
#0322 Feu Sol Chamallot
34%
#0409 Roche Charkos
34%
#0366 Eau Coquiperl
34%
#0222 Eau Roche Corayon
34%
#0372 Dragon Drackhaus
34%
#0607 Spectre Feu Funécire
34%
#0408 Roche Kranidos
34%
#0284 Insecte Vol Maskadra
34%
#0307 Combat Psy Méditikka
34%
#1008 Électrik Dragon Miraidon
34%
#0418 Eau Mustébouée
34%
#0419 Eau Mustéflott
34%
#0290 Insecte Sol Ningale
34%
#0661 Normal Vol Passerouge
34%
#0231 Sol Phanpy
34%
#0815 Feu Pyrobut
34%
#0202 Psy Qulbutoké
34%
#0367 Eau Serpang
34%
#0633 Ténèbres Dragon Solochi
34%
#0356 Spectre Téraclope
34%
#0333 Normal Vol Tylton
34%
#0329 Sol Dragon Vibraninf
34%
#0888 Fée Zacian
34%
#0889 Combat Zamazenta
34%
#0340 Eau Sol Barbicha
33%
#0534 Combat Bétochef
33%
#0701 Combat Vol Brutalibré
33%
#0332 Plante Ténèbres Cacturne
33%
#0432 Normal Chaffreux
33%
#0541 Insecte Plante Couverdure
33%
#0401 Insecte Crikzik
33%
#0634 Ténèbres Dragon Diamat
33%
#0452 Poison Ténèbres Drascore
33%
#0341 Eau Écrapince
33%
#0358 Psy Éoko
33%
#0512 Plante Feuiloutan
33%
#0538 Combat Judokrak
33%
#0539 Combat Karaclée
33%
#1007 Combat Dragon Koraidon
33%
#0510 Ténèbres Léopardus
33%
#0618 Sol Électrik Limonde
33%
#0370 Eau Lovdisc
33%
#0609 Spectre Feu Lugulabre
33%
#0335 Normal Mangriff
33%
#0402 Insecte Mélokrik
33%
#0778 Spectre Fée Mimiqui
33%
#0505 Normal Miradar
33%
#0289 Normal Monaflèmit
33%
#0414 Insecte Vol Papilord
33%
#0353 Spectre Polichombr
33%
#0204 Insecte Pomdepik
33%
#0906 Plante Poussacha
33%
#0504 Normal Ratentif
33%
#0369 Eau Roche Relicanth
33%
#0788 Eau Fée Tokopisco
33%
#0357 Plante Vol Tropius
33%
#0320 Eau Wailmer
33%
#0416 Insecte Vol Apireine
32%
#0415 Insecte Vol Apitrini
32%
#0331 Plante Cacnea
32%
#0532 Combat Charpenti
32%
#0324 Feu Chartor
32%
#0463 Normal Coudlangue
32%
#0610 Dragon Coupenotte
32%
#0192 Plante Héliatronc
32%
#0720 Psy Spectre Hoopa
32%
#0800 Psy Necrozma
32%
#0441 Normal Vol Pijako
32%
#0636 Insecte Feu Pyronille
32%
#0223 Eau Rémoraid
32%
#0654 Feu Roussil
32%
#0901 Sol Normal Ursaking
32%
#0458 Eau Vol Babimanta
31%
#0295 Normal Brouhabam
31%
#0190 Normal Capumain
31%
#0909 Feu Chochodile
31%
#0293 Normal Chuchmur
31%
#0600 Acier Clic
31%
#0520 Normal Vol Colombeau
31%
#0789 Psy Cosmog
31%
#0681 Acier Spectre Exagide
31%
#0205 Insecte Acier Foretress
31%
#0297 Combat Hariyama
31%
#0449 Sol Hippopotas
31%
#0542 Insecte Plante Manternel
31%
#0224 Eau Octillery
31%
#0533 Combat Ouvrifier
31%
#0287 Normal Parecool
31%
#0235 Normal Queulorior
31%
#0451 Poison Insecte Rapion
31%
#0368 Eau Rosabyss
31%
#0624 Ténèbres Acier Scalpion
31%
#0625 Ténèbres Acier Scalproie
31%
#0582 Glace Sorbébé
31%
#0584 Glace Sorbouboul
31%
#0299 Roche Tarinor
31%
#0599 Acier Tic
31%
#0785 Électrik Fée Tokorico
31%
#0787 Plante Fée Tokotoro
31%
#0612 Dragon Tranchodon
31%
#0707 Acier Fée Trousselin
31%
#0522 Électrik Zébibron
31%
#0567 Roche Vol Aéroptéryx
30%
#0566 Roche Vol Arkéapti
30%
#0339 Eau Sol Barloche
30%
#0536 Eau Sol Batracné
30%
#0213 Insecte Roche Caratroc
30%
#0621 Dragon Drakkarmin
30%
#0670 Fée Floette
30%
#0526 Roche Gigalithe
30%
#0210 Fée Granbull
30%
#0628 Normal Vol Gueriaigle
30%
#0427 Normal Laporeille
30%
#0816 Eau Larméléon
30%
#0428 Normal Lockpin
30%
#0435 Poison Ténèbres Moufflair
30%
#0434 Poison Ténèbres Moufouette
30%
#0596 Insecte Électrik Mygavolt
30%
#0524 Roche Nodulithe
30%
#0810 Plante Ouistempo
30%
#0422 Eau Sancoki
30%
#0544 Insecte Poison Scobolide
30%
#0583 Glace Sorboul
30%
#0191 Plante Tournegrin
30%
#0423 Eau Sol Tritosor
30%
#0543 Insecte Poison Venipatte
30%
#0288 Normal Vigoroth
30%
#0523 Électrik Zéblitz
30%
#0662 Feu Vol Braisillon
29%
#0545 Insecte Poison Brutapode
29%
#0527 Psy Vol Chovsourir
29%
#0301 Normal Delcatty
29%
#0632 Insecte Acier Fermite
29%
#0669 Fée Flabébé
29%
#0813 Feu Flambino
29%
#0549 Plante Fragilady
29%
#0623 Sol Spectre Golemastoc
29%
#0450 Sol Hippodocus
29%
#0603 Électrik Lampéroie
29%
#0540 Insecte Plante Larveyette
29%
#0296 Combat Makuhita
29%
#0608 Spectre Feu Mélancolux
29%
#0598 Plante Acier Noacier
29%
#0604 Électrik Ohmassacre
29%
#0360 Psy Okéoké
29%
#0666 Insecte Vol Prismillon
29%
#0300 Normal Skitty
29%
#0209 Fée Snubbull
29%
#0602 Électrik Anchwatt
28%
#0424 Normal Capidextre
28%
#0564 Eau Roche Carapagos
28%
#0601 Acier Cliticlic
28%
#0342 Eau Ténèbres Colhomard
28%
#0790 Psy Cosmovum
28%
#0580 Eau Vol Couaneton
28%
#0537 Eau Sol Crapustule
28%
#0555 Feu Darumacho
28%
#0546 Plante Fée Doudouvet
28%
#0547 Plante Fée Farfaduvet
28%
#0671 Fée Florges
28%
#0900 Insecte Roche Hachécateur
28%
#0611 Dragon Incisache
28%
#0814 Feu Lapyro
28%
#0457 Eau Luminéon
28%
#0438 Roche Manzaï
28%
#0908 Plante Ténèbres Miascarade
28%
#0530 Sol Acier Minotaupe
28%
#0517 Psy Munna
28%
#0577 Psy Nucléos
28%
#0613 Glace Polarhume
28%
#0294 Normal Ramboum
28%
#0894 Électrik Regieleki
28%
#0529 Sol Rototaupe
28%
#0595 Insecte Électrik Statitik
28%
#0476 Roche Acier Tarinorme
28%
#0535 Eau Tritonde
28%
#0585 Normal Plante Vivaldaim
28%
#0455 Plante Vortente
28%
#0631 Feu Aflamanoir
27%
#0420 Plante Ceribou
27%
#0421 Plante Ceriflor
27%
#0558 Insecte Roche Crabaraque
27%
#0557 Insecte Roche Crabicoque
27%
#0561 Psy Vol Cryptéro
27%
#0456 Eau Écayon
27%
#0626 Normal Frison
27%
#0627 Normal Vol Furaiglon
27%
#0525 Roche Géolithe
27%
#0812 Plante Gorythmic
27%
#0597 Plante Acier Grindur
27%
#0622 Sol Spectre Gringolem
27%
#0352 Normal Kecleon
27%
#0745 Roche Lougaroc
27%
#0794 Insecte Combat Mouscoto
27%
#0593 Eau Spectre Moyade
27%
#0531 Normal Nanméouïe
27%
#0668 Feu Normal Némélios
27%
#0614 Glace Polagriffe
27%
#0576 Psy Sidérella
27%
#0786 Psy Fée Tokopiyon
27%
#0317 Poison Avaltout
26%
#0811 Plante Badabouin
26%
#0560 Ténèbres Combat Baggaïd
26%
#0559 Ténèbres Combat Baggiguane
26%
#0797 Acier Vol Bamboiselle
26%
#0550 Eau Bargantua
26%
#0548 Plante Chlorobule
26%
#0912 Eau Coiffeton
26%
#0554 Feu Darumarond
26%
#0709 Spectre Plante Desséliande
26%
#0316 Poison Gloupti
26%
#0667 Feu Normal Hélionceau
26%
#0862 Ténèbres Normal Ixon
26%
#0581 Eau Vol Lakmécygne
26%
#0818 Eau Lézargus
26%
#0578 Psy Méios
26%
#0575 Psy Mesmérella
26%
#0679 Acier Spectre Monorpale
26%
#0351 Normal Morphéo
26%
#0704 Dragon Mucuscule
26%
#0706 Dragon Muplodocus
26%
#0518 Psy Mushana
26%
#0675 Combat Ténèbres Pandarbare
26%
#0674 Combat Pandespiègle
26%
#0895 Dragon Regidrago
26%
#0528 Psy Vol Rhinolove
26%
#0744 Roche Rocabot
26%
#0574 Psy Scrutella
26%
#0327 Normal Spinda
26%
#0579 Psy Symbios
26%
#0777 Électrik Acier Togedemaru
26%
#0961 Eau Triopikeau
26%
#0562 Spectre Tutafeh
26%
#0563 Spectre Tutankafer
26%
#0629 Ténèbres Vol Vostourno
26%
#0807 Électrik Zeraora
26%
#0715 Vol Dragon Bruyverne
25%
#0979 Combat Spectre Courrousinge
25%
#0699 Roche Glace Dragmara
25%
#0784 Dragon Combat Ékaïser
25%
#0890 Poison Dragon Éthernatos
25%
#0911 Feu Spectre Flâmigator
25%
#0586 Normal Plante Haydaim
25%
#0615 Glace Hexagel
25%
#0433 Psy Korillon
25%
#0664 Insecte Lépidonille
25%
#0314 Insecte Lumivole
25%
#0565 Eau Roche Mégapagos
25%
#0808 Acier Meltan
25%
#0569 Poison Miasmax
25%
#0313 Insecte Muciole
25%
#0697 Roche Dragon Rexillius
25%
#0630 Ténèbres Vol Vaututrice
25%
#0698 Roche Glace Amagara
24%
#0708 Spectre Plante Brocélôme
24%
#0795 Insecte Combat Cancrelove
24%
#0737 Insecte Électrik Chrysapile
24%
#0680 Acier Spectre Dimoclès
24%
#0903 Poison Combat Farfurex
24%
#0798 Plante Acier Katagami
24%
#0691 Poison Dragon Kravarech
24%
#0738 Insecte Électrik Lucanon
24%
#0801 Acier Fée Magearna
24%
#0809 Acier Melmetal
24%
#0866 Glace Psy M. Glaquette
24%
#0568 Poison Miamiasme
24%
#0865 Combat Palarticho
24%
#0741 Varié Vol Plumeline
24%
#0921 Électrik Pohm
24%
#0696 Roche Dragon Ptyranidur
24%
#0325 Psy Spoink
24%
#0703 Roche Fée Strassie
24%
#0948 Sol Plante Terracool
24%
#0592 Eau Spectre Viskuse
24%
#0793 Roche Poison Zéroïd
24%
#0805 Roche Acier Ama-Ama
23%
#0733 Normal Vol Bazoucan
23%
#0776 Feu Dragon Boumata
23%
#0588 Insecte Carabing
23%
#0799 Ténèbres Dragon Engloutyran
23%
#0660 Normal Sol Excavarenne
23%
#0326 Psy Groret
23%
#0617 Insecte Limaspeed
23%
#0831 Normal Moumouton
23%
#0914 Eau Combat Palmaval
23%
#0659 Normal Sapereau
23%
#0687 Ténèbres Psy Sepiatroce
23%
#0713 Glace Séracrawl
23%
#0620 Combat Shaofouine
23%
#0684 Fée Sucroquin
23%
#0960 Eau Taupikeau
23%
#0949 Sol Plante Terracruel
23%
#0980 Poison Sol Terraiste
23%
#0757 Poison Feu Tritox
23%
#0772 Normal Type:0
23%
#0782 Dragon Bébécaille
22%
#0796 Électrik Câblifère
22%
#0673 Plante Chevroum
22%
#0705 Dragon Colimucus
22%
#0823 Vol Acier Corvaillus
22%
#0739 Combat Crabagarre
22%
#0740 Combat Glace Crabominable
22%
#0982 Normal Deusolourdo
22%
#0616 Insecte Escargaume
22%
#0765 Normal Psy Gouroutan
22%
#0619 Combat Kungfouine
22%
#0758 Poison Feu Malamandre
22%
#0594 Eau Mamanbo
22%
#0802 Combat Spectre Marshadow
22%
#0710 Spectre Plante Pitrouille
22%
#0686 Ténèbres Psy Sepiatop
22%
#0690 Poison Eau Venalgue
22%
#0711 Spectre Plante Banshitrouye
21%
#0760 Normal Combat Chelours
21%
#0676 Normal Couafarel
21%
#0685 Fée Cupcanaille
21%
#0779 Eau Psy Denticrisse
21%
#0981 Normal Psy Farigiraf
21%
#0591 Plante Poison Gaulet
21%
#0712 Glace Grelaçon
21%
#0589 Insecte Acier Lançargot
21%
#0605 Psy Lewsor
21%
#0556 Plante Maracachi
21%
#0821 Vol Minisange
21%
#0606 Psy Neitram
21%
#0665 Insecte Pérégrain
21%
#0731 Normal Vol Picassaut
21%
#0923 Électrik Combat Pohmarmotte
21%
#0841 Plante Dragon Pomdrapi
21%
#0904 Ténèbres Poison Qwilpik
21%
#0773 Normal Silvallié
21%
#0714 Vol Dragon Sonistrelle
21%
#0763 Plante Sucreine
21%
#1024 Normal Terapagos
21%
#0770 Spectre Sol Trépassable
21%
#0590 Plante Poison Trompignon
21%
#0803 Poison Vémini
21%
#1004 Ténèbres Feu Yuyu
21%
#0751 Eau Insecte Araqua
20%
#0769 Spectre Sol Bacabouh
20%
#0822 Vol Bleuseille
20%
#0672 Plante Cabriolaine
20%
#0572 Normal Chinchidou
20%
#0780 Normal Dragon Draïeul
20%
#0783 Dragon Combat Écaïd
20%
#0682 Fée Fluvetin
20%
#0694 Électrik Normal Galvaran
20%
#0693 Eau Gamblast
20%
#0736 Insecte Larvibule
20%
#0907 Plante Matourgeon
20%
#0759 Normal Combat Nounourson
20%
#0688 Roche Eau Opermine
20%
#0748 Poison Eau Prédastérie
20%
#0743 Insecte Fée Rubombelle
20%
#0752 Eau Insecte Tarenbulle
20%
#0840 Plante Dragon Verpom
20%
#0835 Électrik Voltoutou
20%
#0747 Poison Eau Vorastérie
20%
#0817 Eau Arrozard
19%
#0856 Psy Bibichut
19%
#0913 Eau Canarbello
19%
#0683 Fée Cocotine
19%
#0864 Spectre Corayôme
19%
#0842 Plante Dragon Dratatin
19%
#0692 Eau Flingouste
19%
#1006 Fée Combat Garde-de-Fer
19%
#0689 Roche Eau Golgopathe
19%
#0991 Glace Eau Hotte-de-Fer
19%
#0695 Électrik Normal Iguolta
19%
#0774 Roche Vol Météno
19%
#0877 Électrik Ténèbres Morpeko
19%
#0732 Normal Vol Piclairon
19%
#0922 Électrik Combat Pohmotte
19%
#0768 Insecte Eau Sarmuraï
19%
#0983 Ténèbres Acier Scalpereur
19%
#0892 Combat Ténèbres Shifours
19%
#0767 Insecte Eau Sovkipou
19%
#0735 Normal Argouste
18%
#0742 Insecte Fée Bombydou
18%
#0910 Feu Crocogril
18%
#0761 Plante Croquine
18%
#0884 Acier Dragon Duralugon
18%
#0754 Plante Floramantis
18%
#0959 Fée Acier Forgelina
18%
#0746 Eau Froussardine
18%
#0985 Fée Psy Hurle-Queue
18%
#1021 Électrik Dragon Ire-Foudre
18%
#0887 Dragon Spectre Lanssorien
18%
#0804 Poison Dragon Mandrillon
18%
#0734 Normal Manglouton
18%
#0753 Plante Mimantis
18%
#0678 Psy Mistigrix
18%
#0573 Normal Pashmilla
18%
#1025 Poison Spectre Pêchaminus
18%
#0893 Ténèbres Plante Zarude
18%
#0905 Fée Vol Amovénus
17%
#0899 Normal Psy Cerbyllin
17%
#0837 Roche Charbi
17%
#0987 Spectre Fée Flotte-Mèche
17%
#1000 Acier Spectre Gromago
17%
#0756 Plante Fée Lampignon
17%
#0832 Normal Moumouflon
17%
#1017 Plante Ogerpon
17%
#0902 Eau Spectre Paragruel
17%
#0806 Feu Spectre Pierroteknik
17%
#0677 Psy Psystigri
17%
#0858 Psy Fée Sorcilence
17%
#0749 Sol Tiboudet
17%
#0861 Ténèbres Fée Angoliath
16%
#1002 Ténèbres Glace Baojian
16%
#0873 Glace Insecte Beldeneige
16%
#0863 Acier Berserkatt
16%
#0857 Psy Chapotus
16%
#0994 Feu Poison Mite-de-Fer
16%
#0928 Plante Normal Olivini
16%
#0992 Combat Électrik Paume-de-Fer
16%
#0766 Combat Quartermac
16%
#0990 Sol Acier Roue-de-Fer
16%
#0849 Électrik Poison Salarsen
16%
#0851 Feu Insecte Scolocendre
16%
#0897 Spectre Spectreval
16%
#0848 Électrik Poison Toxizap
16%
#0838 Roche Feu Wagomine
16%
#0891 Combat Wushours
16%
#0896 Glace Blizzeval
15%
#0750 Sol Bourrinos
15%
#0762 Plante Candine
15%
#0771 Eau Concombaffe
15%
#1003 Ténèbres Sol Dinglu
15%
#0886 Dragon Spectre Dispareptil
15%
#0984 Sol Combat Fort-Ivoire
15%
#0872 Glace Insecte Frissonille
15%
#0836 Électrik Fulgudog
15%
#0827 Ténèbres Goupilou
15%
#0859 Ténèbres Fée Grimalin
15%
#0764 Fée Guérilande
15%
#0882 Eau Dragon Hydragon
15%
#0937 Feu Spectre Malvalame
15%
#0839 Roche Feu Monthracite
15%
#0819 Normal Rongourmand
15%
#0828 Ténèbres Roublenard
15%
#0781 Spectre Plante Sinistrail
15%
#0755 Plante Fée Spododo
15%
#0854 Spectre Théffroi
15%
#0867 Sol Spectre Tutétékri
15%
#0826 Insecte Psy Astronelle
14%
#0927 Fée Briochien
14%
#1023 Acier Psy Chef-de-Fer
14%
#0868 Fée Crèmy
14%
#0885 Dragon Spectre Fantyrm
14%
#0860 Ténèbres Fée Fourbelin
14%
#0881 Électrik Glace Galvagla
14%
#0998 Dragon Glace Glaivodo
14%
#0870 Combat Hexadron
14%
#0883 Eau Glace Hydragla
14%
#0999 Spectre Mordudor
14%
#1019 Plante Dragon Pomdorochi
14%
#1018 Acier Dragon Pondralugon
14%
#1009 Eau Dragon Serpente-Eau
14%
#0898 Psy Plante Sylveroy
14%
#1010 Plante Psy Vert-de-Fer
14%
#0930 Plante Normal Arboliva
13%
#0869 Fée Charmilly
13%
#0825 Insecte Psy Coléodôme
13%
#0775 Normal Dodoala
13%
#0995 Roche Électrik Épine-de-Fer
13%
#0958 Fée Acier Forgella
13%
#0880 Électrik Dragon Galvagon
13%
#0920 Insecte Ténèbres Gambex
13%
#0850 Feu Insecte Grillepattes
13%
#0824 Insecte Larvadar
13%
#0967 Dragon Normal Motorizard
13%
#0978 Dragon Eau Nigirigon
13%
#0855 Spectre Polthégeist
13%
#0820 Normal Rongrigou
13%
#1005 Dragon Ténèbres Rugit-Lune
13%
#0993 Ténèbres Vol Têtes-de-Fer
13%
#0917 Insecte Tissenboule
13%
#0966 Acier Poison Vrombotor
13%
#0940 Électrik Vol Zapétrel
13%
#0875 Glace Bekaglaçon
12%
#0936 Feu Psy Carmadura
12%
#0935 Feu Charbambin
12%
#0963 Eau Dofin
12%
#1020 Feu Dragon Feu-Perçant
12%
#0996 Dragon Glace Frigodo
12%
#0853 Combat Krakos
12%
#0845 Vol Eau Nigosier
12%
#0977 Eau Oyacata
12%
#0926 Fée Pâtachiot
12%
#0952 Plante Feu Scovilain
12%
#0964 Eau Superdofin
12%
#0945 Poison Normal Tag-Tag
12%
#0834 Eau Roche Torgamord
12%
#0965 Acier Poison Vrombi
12%
#0876 Psy Normal Wimessir
12%
#1001 Ténèbres Plante Chongjian
11%
#0874 Roche Dolman
11%
#0846 Eau Embrochet
11%
#1016 Poison Fée Favianos
11%
#0957 Fée Acier Forgerette
11%
#0941 Électrik Vol Fulgulairo
11%
#0934 Roche Gigansel
11%
#0833 Eau Khélocrok
11%
#0929 Plante Normal Olivado
11%
#0989 Électrik Sol Pelage-Sablé
11%
#1011 Plante Dragon Pomdramour
11%
#0852 Combat Poulpaf
11%
#1022 Roche Psy Roc-de-Fer
11%
#0939 Électrik Ampibidou
10%
#0830 Plante Blancoton
10%
#0968 Acier Ferdeter
10%
#0918 Insecte Filentrappe
10%
#0986 Plante Ténèbres Fongus-Furie
10%
#1015 Poison Psy Fortusimia
10%
#0916 Normal Fragroin
10%
#0915 Normal Gourmelet
10%
#0944 Poison Normal Gribouraigne
10%
#0847 Eau Hastacuda
10%
#0962 Vol Ténèbres Lestombaile
10%
#0951 Plante Pimito
10%
#0988 Insecte Combat Rampe-Ailes
10%
#0829 Plante Tournicoton
10%
#0946 Plante Spectre Virovent
10%
#0871 Électrik Wattapik
10%
#0933 Roche Amassel
9%
#0956 Psy Cléopsytra
9%
#0950 Roche Craparoi
9%
#0997 Dragon Glace Cryodo
9%
#0844 Sol Dunaconda
9%
#0843 Sol Dunaja
9%
#1014 Poison Combat Félicanis
9%
#0973 Vol Combat Flamenroule
9%
#0953 Insecte Léboulérou
9%
#1012 Plante Spectre Poltchageist
9%
#0938 Électrik Têtampoule
9%
#1013 Plante Spectre Théffroyable
9%
#0971 Spectre Toutombe
9%
#0975 Glace Balbalèze
8%
#0954 Insecte Psy Bérasca
8%
#0976 Eau Psy Délestin
8%
#0943 Ténèbres Dogrino
8%
#0925 Normal Famignol
8%
#0970 Roche Poison Floréclat
8%
#0919 Insecte Lilliterelle
8%
#0932 Roche Selutin
8%
#0878 Acier Charibari
7%
#0924 Normal Compagnol
7%
#0955 Psy Flotillon
7%
#0969 Roche Poison Germéclat
7%
#0879 Acier Pachyradjah
7%
#0974 Glace Piétacé
7%
#0972 Spectre Tomberro
7%
#0947 Plante Spectre Virevorreur
7%
#0942 Ténèbres Grondogue
6%
#0931 Normal Vol Tapatoès
6%
Aucun quiz correspondant
Distribution des résultats
% des personnes avec chaque résultat
Percentile par nombre de réponses
Votre historique - résultats
Vous n’avez pas pris ce quiz depuis la dernière actualisation